| 000 | 00767nam a2200229Ia 4500 | ||
|---|---|---|---|
| 001 | Para_9906 | ||
| 008 | 220602s9999 xx 000 0 und d | ||
| 020 | _a0 - 19 - 852685 - 5 | ||
| 082 | _aPA 631.4 D87 2009 | ||
| 100 | 1 |
_aDurán Ramírez, Felipe _934702 |
|
| 245 | _aEstudio de suelos manejo y conservación del suelo agrícola : alelopatía, técnicas, resultados / Felipe Durán Ramírez | ||
| 260 | _aBogotá : Grupo Latino Editores | ||
| 300 | _a96 p. | ||
| 440 |
_aGranja integral _950385 |
||
| 500 | _aIncluye bibliografía | ||
| 650 |
_aSuelos agrícolas \ Conservación de suelosÌ _9185014 |
||
| 901 | _aPA 631.4 D87 2009 | ||
| 902 | _aM | ||
| 905 | _a5232202009 8000000300 06 | ||
| 942 | _c1 | ||
| 999 |
_c217206 _d217206 |
||